[Event "Santo Domingo op"]
[Site "Santo Domingo"]
[Date "2005.11.29"]
[Round "6"]
[White "Santa Torres, Luis A"]
[Black "Alegria, Abel"]
[Result "1-0"]
[WhiteElo "2208"]
[BlackElo "2087"]
[PlyCount "53"]
[EventDate "2005.11.24"]
[EventType "swiss"]
[EventRounds "9"]
[EventCountry "DOM"]
[SourceTitle "CBM 109 Extra"]
[Source "ChessBase"]
[SourceDate "2006.01.03"]
[SourceVersion "2"]
[SourceVersionDate "2006.01.03"]
[SourceQuality "1"]

1. d4 Nf6 2. c4 e6 3. Nc3 Bb4 4. e3 0-0 5. Bd3 c5 6. Nf3 cxd4 7. exd4 d5 8. 0-0 dxc4 9. Bxc4 b6 10. Bg5 Bb7 11. Qd3 Be7 12. Rfe1 Nc6 13. a3 Nd5 14. Bd2 Nc7 15. Ne4 h6 16. b4 Nb8 17. Rac1 Nd7 18. Ba2 Nd5 19. Bb1 N7f6 20. Ng3 Rc8 21. Ne5 Qd6 22. Nh5 Rxc1 23. Rxc1 Kh8 24. Nxg7 Kxg7 25. Qg3+ Kh8 26. Bxh6 Ne8 27. Bxf8 1-0

[Event "Santo Domingo op"]
[Site "Santo Domingo"]
[Date "2005.11.24"]
[Round "1"]
[White "Ortiz, Rafael"]
[Black "Alegria, Abel"]
[Result "0-1"]
[WhiteElo "2026"]
[BlackElo "2087"]
[PlyCount "86"]
[EventDate "2005.11.24"]
[EventType "swiss"]
[EventRounds "9"]
[EventCountry "DOM"]
[SourceTitle "CBM 109 Extra"]
[Source "ChessBase"]
[SourceDate "2006.01.03"]
[SourceVersion "2"]
[SourceVersionDate "2006.01.03"]
[SourceQuality "1"]

1. e4 c5 2. Nc3 e6 3. Bc4 Nc6 4. Nf3 d6 5. d4 cxd4 6. Nxd4 Nf6 7. Bg5 a6 8. a4 Be7 9. Ba2 Qa5 10. Be3 Nxe4 11. Nxc6 bxc6 12. Qf3 d5 13. Bd4 Bf6 14. Bxf6 Nxf6 15. 0-0 0-0 16. Rad1 e5 17. h3 Rb8 18. b3 Rb4 19. Ne2 Be6 20. c3 Rbb8 21. Qg3 Nd7 22. f4 f6 23. f5 Bf7 24. Qg4 e4 25. Rf4 Qc5+ 26. Kh1 Ne5 27. Qg3 Bh5 28. b4 Qb6 29. Rxe4 a5 30. b5 Bf7 31. Rh4 cxb5 32. Nf4 Rbd8 33. Rd4 b4 34. cxb4 Qxd4 35. Ne6 Qa1+ 36. Kh2 Bxe6 37. fxe6 Rfe8 38. Qb3 axb4 39. Rxb4 Nc4 40. Rb5 Qe5+ 41. Kh1 Rxe6 42. Qd3 Qa1+ 43. Bb1 Re1+ 0-1

[Event "Los Inmortales op"]
[Site "Los Inmortales"]
[Date "2004.11.??"]
[Round "7"]
[White "Fernandez Paulino, Francis M"]
[Black "Alegria, Abel"]
[Result "1-0"]
[WhiteElo "2253"]
[BlackElo "2106"]
[PlyCount "51"]
[EventDate "2004.11.22"]
[EventType "swiss"]
[EventRounds "9"]
[EventCountry "DOM"]
[SourceTitle "CBM 103 Extra"]
[Source "ChessBase"]
[SourceDate "2005.01.01"]
[SourceVersion "1"]
[SourceVersionDate "2005.01.01"]
[SourceQuality "1"]

1. d4 Nf6 2. c4 g6 3. Nc3 d5 4. cxd5 Nxd5 5. e4 Nxc3 6. bxc3 Bg7 7. Bc4 c5 8. Ne2 0-0 9. 0-0 Nc6 10. Be3 Qc7 11. Rc1 Rd8 12. f3 e6 13. Qd2 Qa5 14. Rfd1 b6 15. Bh6 Bh8 16. Qe3 Ba6 17. Bxa6 Qxa6 18. Rd2 Na5 19. Qf4 Nc4 20. Rdd1 e5 21. dxe5 Bxe5 22. Qh4 Ne3 23. Nf4 Qxa2 24. Nd5 Nxd1 25. Qe7 Qa3 26. Qxe5 1-0